000 01102cab a2200397 4500
001 ABS48391
008 090401t1993 xxu||||| |||| 00| 0 eng d
035 _a(Sirsi) u66466
041 _aeng
245 _aCentrefolio: South / South West London
260 _c1993
350 _a0
490 _aCSW - The Property Week
_v43(1) 1 April 1993, 23-51(12)
650 _aBODY BASICS
650 _aINDUSTRIAL MARKET
650 _aINFOPRO TECHNOLOGIES
650 _aKINGSTON
650 _aLONDON BOROUGHS
650 _aMEMO STATIONERS
650 _aMENTOR
650 _aMERTON
650 _aPROPERTY-COMMERCIAL PROPERTY-OFFICE PROPERTY-OFFICE PROPERTY MARKET
650 _aOLD TOWN HALL
650 _aRENTS
650 _aPROPERTY-COMMERCIAL PROPERTY-RETAIL PROPERTY-RETAIL PROPERTY MARKET
650 _aRICHMOND
650 _aROAD TEST
650 _aSUTTON
650 _aTRANSPORT
650 _aVOLUME ONE BOOKS
650 _aWANDSWORTH
650 _aWIMBLEDON
690 _aPROPERTY-COMMERCIAL PROPERTY-COMMERCIAL PROPERTY MARKET
942 _n0
948 _c04/03/1997
999 _c41526
_d41526